[Event "Nachod op"]
[Site "Nachod"]
[Date "2012.07.01"]
[Round "2"]
[White "Krejci, Jan"]
[Black "Saucuk, Martin"]
[Result "0-1"]
[WhiteElo "2205"]
[BlackElo "1939"]
[PlyCount "148"]
[EventDate "2012.06.30"]
[EventType "swiss"]
[EventRounds "9"]
[EventCountry "CZE"]
[SourceTitle "CBM 149 Extra"]
[Source "ChessBase"]
[SourceDate "2012.08.24"]
[SourceVersion "1"]
[SourceVersionDate "2012.08.24"]
[SourceQuality "1"]

1. Nf3 d5 2. g3 c5 3. d4 e6 4. c3 Nc6 5. Bg2 Nf6 6. 0-0 Be7 7. b3 0-0 8. Bb2 b6 9. c4 Bb7 10. Nbd2 Rc8 11. Rc1 Qc7 12. e3 Rfd8 13. Qe2 Qb8 14. Rfe1 Ne4 15. Red1 Bf6 16. Nxe4 dxe4 17. Nd2 Nb4 18. Nxe4 Bxe4 19. Bxe4 Nxa2 20. Ra1 Nb4 21. Qh5 h6 22. Rd2 Rc7 23. Rad1 Rcd7 24. h4 cxd4 25. exd4 Qd6 26. Ba3 a5 27. Qe2 Qc7 28. Bb2 Qd6 29. Bb1 Qc6 30. Qg4 a4 31. Ba3 Na6 32. Be4 Qc7 33. Bc2 b5 34. bxa4 b4 35. Bb2 Qxc4 36. Bd3 Qc8 37. Rc2 Qb7 38. Re2 Nc7 39. Re4 Nd5 40. Bb5 Rd6 41. Rd3 Qc8 42. Qf3 Qc7 43. Rg4 Qc2 44. Rb3 Rc8 45. Bd3 Qd2 46. Be4 Nc3 47. Qxf6 Qd1+ 48. Kg2 Qxg4 49. Bf3 gxf6 50. Bxg4 Rxd4 51. Bf3 Rdc4 52. a5 Nd5 53. a6 Ra8 54. Bxf6 Rxa6 55. Be2 Rac6 56. Bxc4 Rxc4 57. Be5 h5 58. Rb1 Kh7 59. Kf3 Kg6 60. Rb3 Kf5 61. Bb2 Nc3 62. Bc1 e5 63. Bd2 Nd5 64. Be1 e4+ 65. Ke2 Ke5 66. Bd2 f5 67. f3 Kd4 68. fxe4 fxe4 69. Bh6 e3 70. Rd3+ Ke4 71. Bxe3 Nc3+ 72. Rxc3 bxc3 73. Bc1 c2 74. Kd2 Kf3 0-1

[Event "Hradec Kralove Sten op"]
[Site "Hradec Kralove"]
[Date "2011.05.08"]
[Round "1"]
[White "Saucuk, Martin"]
[Black "Kraus, Tomas"]
[Result "0-1"]
[WhiteElo "1830"]
[BlackElo "2220"]
[PlyCount "32"]
[EventDate "2011.05.08"]
[EventType "swiss"]
[EventRounds "9"]
[EventCountry "CZE"]
[SourceTitle "CBM 142 Extra"]
[Source "ChessBase"]
[SourceDate "2011.06.27"]
[SourceVersion "1"]
[SourceVersionDate "2011.06.27"]
[SourceQuality "1"]

1. e4 c5 2. Nf3 d6 3. d4 cxd4 4. Nxd4 Nf6 5. Nc3 a6 6. Be3 e5 7. Nb3 Be6 8. f3 Nbd7 9. Qd2 Be7 10. g4 0-0 11. 0-0-0 b5 12. h4 b4 13. Na4 Rb8 14. g5 Nh5 15. Rg1 Qc7 16. Kb1 Qc6 0-1

[Event "CZE-chTW U20 1011"]
[Site "Czech Republic"]
[Date "2010.10.03"]
[Round "3.2"]
[White "Zvara, David"]
[Black "Saucuk, Martin"]
[Result "1-0"]
[WhiteElo "1998"]
[BlackElo "1814"]
[PlyCount "135"]
[EventDate "2010.10.02"]
[EventType "team-tourn"]
[EventRounds "11"]
[EventCountry "CZE"]
[SourceTitle "EXT 2012"]
[Source "ChessBase"]
[SourceDate "2011.11.24"]
[SourceVersion "1"]
[SourceVersionDate "2011.11.24"]
[SourceQuality "1"]
[WhiteTeam "Vlasim (U20)"]
[BlackTeam "Horice (U20)"]
[WhiteTeamCountry "CZE"]
[BlackTeamCountry "CZE"]

1. d4 d5 2. Nf3 Nf6 3. Bf4 Bf5 4. e3 c6 5. Nbd2 Nbd7 6. Ne5 Nxe5 7. Bxe5 e6 8. c4 Bd6 9. Bxd6 Qxd6 10. c5 Qc7 11. b4 a6 12. Nb3 0-0 13. Bd3 Bg6 14. a4 Rfe8 15. f4 Ne4 16. h4 Nc3 17. Qc2 Bxd3 18. Qxc3 Bf5 19. h5 h6 20. a5 f6 21. 0-0-0 e5 22. g3 e4 23. Rh4 Qd7 24. Rg1 Bg4 25. Nd2 f5 26. Nb1 Qf7 27. Rgh1 Bf3 28. R1h2 Bg4 29. Qe1 Re6 30. Nc3 Kf8 31. Nd1 Bxd1 32. Qxd1 Ke7 33. g4 Rg8 34. gxf5 Qxf5 35. Qg4 Qxg4 36. Rxg4 Rf6 37. Rhg2 Kf7 38. Rg6 Rxg6 39. Rxg6 Re8 40. Rd6 Re6 41. Rd7+ Re7 42. Rd8 Ke6 43. Rd6+ Kf7 44. Kd2 Re6 45. Rd8 Re7 46. Ke2 Ke6 47. Kf2 Rd7 48. Rg8 Kf7 49. Rh8 Re7 50. Rb8 Kf6 51. Kg3 Rd7 52. Kg4 Rc7 53. Rf8+ Ke7 54. Rb8 Kf6 55. Rd8 Kf7 56. Kf5 Re7 57. Rd6 Rc7 58. Re6 Rd7 59. Ke5 Rd8 60. Rg6 Rd7 61. f5 Rd8 62. f6 Re8+ 63. Kf5 gxf6 64. Rxh6 Rg8 65. Rxf6+ Ke7 66. Re6+ Kf7 67. Rg6 Rh8 68. h6 1-0

[Event "Hradec Kralove op"]
[Site "Hradec Kralove"]
[Date "2010.05.15"]
[Round "1"]
[White "Bartos, Jan"]
[Black "Saucuk, Martin"]
[Result "1-0"]
[WhiteElo "2201"]
[BlackElo "1781"]
[PlyCount "65"]
[EventDate "2010.05.15"]
[EventType "swiss"]
[EventRounds "9"]
[EventCountry "CZE"]
[SourceTitle "CBM 136 Extra"]
[Source "ChessBase"]
[SourceDate "2010.07.02"]
[SourceVersion "2"]
[SourceVersionDate "2010.07.15"]
[SourceQuality "1"]

1. d4 Nf6 2. Nf3 g6 3. c4 Bg7 4. Nc3 0-0 5. e4 d6 6. Be2 e5 7. dxe5 dxe5 8. Qxd8 Rxd8 9. Bg5 Na6 10. Nd5 Rd6 11. Bxf6 Bxf6 12. Nxf6+ Rxf6 13. Nxe5 Re6 14. f4 f6 15. Ng4 h5 16. Nf2 Nc5 17. Bf3 Bd7 18. b4 Nxe4 19. Nxe4 Bc6 20. 0-0-0 Bxe4 21. Rd7 Bxf3 22. gxf3 Rc6 23. c5 Re8 24. Rg1 f5 25. Kd2 Ree6 26. Rc1 b5 27. a4 a6 28. axb5 axb5 29. Ra1 Ra6 30. Rxa6 Rxa6 31. Rxc7 Ra4 32. Rb7 Rxb4 33. c6 1-0

[Event "CZE-ch U14"]
[Site "Kouty nad Desnou"]
[Date "2010.03.08"]
[Round "4"]
[White "Dobes, Vojtech"]
[Black "Saucuk, Martin"]
[Result "1/2-1/2"]
[WhiteElo "1816"]
[BlackElo "1764"]
[PlyCount "102"]
[EventDate "2010.03.06"]
[EventType "swiss"]
[EventRounds "9"]
[EventCountry "CZE"]
[SourceTitle "EXT 2012"]
[Source "ChessBase"]
[SourceDate "2011.11.24"]
[SourceVersion "1"]
[SourceVersionDate "2011.11.24"]
[SourceQuality "1"]

1. e4 c5 2. Nf3 d6 3. d4 cxd4 4. Nxd4 Nf6 5. Nc3 g6 6. Be3 Bg7 7. f3 0-0 8. Qd2 Nc6 9. Bc4 Bd7 10. Bb3 Rc8 11. 0-0-0 Ne5 12. Kb1 Re8 13. h4 h5 14. Rhe1 Nc4 15. Bxc4 Rxc4 16. Nb3 a5 17. Bg5 a4 18. Nc1 Qb6 19. Be3 Qa5 20. a3 Rec8 21. N1e2 b5 22. Na2 Qxd2 23. Rxd2 Ne8 24. Nb4 Bf6 25. g3 R4c7 26. Bd4 Rb7 27. Red1 Be6 28. Nf4 Bc4 29. Bxf6 Nxf6 30. Nfd5 Nxd5 31. Nxd5 Bxd5 32. Rxd5 Rc5 33. Rxc5 dxc5 34. Rd5 b4 35. axb4 cxb4 36. Ra5 a3 37. bxa3 bxa3+ 38. Kc1 Rb4 39. Rxa3 f5 40. exf5 gxf5 41. c3 Rb5 42. c4 Rc5 43. Rc3 Kf7 44. Kd2 e5 45. Kd3 Ke6 46. Rb3 Rc6 47. Kc3 Rd6 48. Kc2 Rd4 49. Rc3 Kd6 50. c5+ Kc6 51. Kb3 Rd5 1/2-1/2

[Event "CZE Czechia-ch U14"]
[Site "Harrachov"]
[Date "2009.10.30"]
[Round "8"]
[White "Saucuk, Martin"]
[Black "Ta, Van Duy"]
[Result "1/2-1/2"]
[WhiteElo "1764"]
[BlackElo "1700"]
[PlyCount "94"]
[EventDate "2009.10.24"]
[EventType "swiss"]
[EventRounds "9"]
[EventCountry "CZE"]
[SourceTitle "EXT 2012"]
[Source "ChessBase"]
[SourceDate "2011.11.24"]
[SourceVersion "1"]
[SourceVersionDate "2011.11.24"]
[SourceQuality "1"]

1. e4 c5 2. c3 d5 3. exd5 Qxd5 4. d4 Nc6 5. dxc5 Qxc5 6. Be3 Qa5 7. Nf3 Bg4 8. Be2 Nf6 9. 0-0 e6 10. Qb3 Qc7 11. Na3 a6 12. Rad1 Be7 13. Bb6 Qb8 14. Rfe1 0-0 15. Nd4 Nxd4 16. Bxd4 Bxe2 17. Rxe2 Ng4 18. g3 e5 19. Bb6 Bf6 20. Rd7 Qc8 21. Rc7 Qf5 22. Qc4 Rac8 23. Qe4 Qxe4 24. Rxe4 Rxc7 25. Bxc7 Rc8 26. Rxg4 Rxc7 27. Rc4 Bd8 28. Kf1 Kf8 29. Rxc7 Bxc7 30. Ke2 Ke7 31. Kd3 Ke6 32. Nc4 f5 33. f3 b5 34. Ne3 Bb6 35. Nc2 g5 36. Nb4 a5 37. Nc2 g4 38. fxg4 fxg4 39. Ne3 h5 40. b3 Bxe3 41. Kxe3 Kd5 42. Kd3 a4 43. Ke3 e4 44. Kd2 Kc5 45. Ke3 Kd5 46. Kd2 Kc5 47. Ke3 Kd5 1/2-1/2